Μετεωρολογικά φαινόμενα και κλίμα στο Βυζάντιο
Αποθηκεύτηκε σε:
| Κύριος συγγραφέας: | |
|---|---|
| Μορφή: | Βιβλίο |
| Γλώσσα: | Greek |
| Δημοσίευση: |
Αθήνα :
Ακαδημία Αθηνών Κεντρο Ερεύνης της Ελληνικής και Λατινικής Γραμματείας,
2004
|
| Σειρά: | Πονήματα
|
| Θέματα: | |
| Ετικέτες: |
Προσθήκη ετικέτας
Δεν υπάρχουν, Καταχωρήστε ετικέτα πρώτοι!
|
MARC
| LEADER | 00000cam a2200000 i 4500 | ||
|---|---|---|---|
| 001 | 1/88094 | ||
| 008 | 051026s2004 gre d | ||
| 020 | |a 960-404-046-4 (set) | ||
| 020 | |a 960-404-044-8 (τ.1) | ||
| 020 | |a 960-404-045-6 (τ.2) | ||
| 035 | |l 10080992 | ||
| 040 | |a GR-MY-UA |b gre |e aacr | ||
| 041 | 0 | |a gre | |
| 082 | 0 | |a 938.301 | |
| 100 | 1 | |a Τελέλης, Ιωάννης Γ. | |
| 245 | 1 | 0 | |a Μετεωρολογικά φαινόμενα και κλίμα στο Βυζάντιο / |c Ιωάννης Γ. Τελέλης |
| 260 | |a Αθήνα : |b Ακαδημία Αθηνών Κεντρο Ερεύνης της Ελληνικής και Λατινικής Γραμματείας, |c 2004 | ||
| 300 | |a 2τ.; |c 25 εκ. | ||
| 490 | 1 | |a Πονήματα | |
| 504 | |a Περιέχει βιβλιογραφία | ||
| 650 | 0 | 0 | |a Meteorology |z Byzantine Empire |x History. |
| 650 | 0 | 0 | |a Climatology |z Byzantine Empire. |
| 650 | 0 | 0 | |a Byzantine literature. |
| 852 | |a INST |b LESVOS |e 20051026 |h 938.301 ΤΕΛ |p 005100032889 |q 005100032889 |t BK |y 0 |z τ.1 | ||
| 852 | |a INST |b LESVOS |e 20051026 |h 938.301 ΤΕΛ |p 005100032890 |q 005100032890 |t BK |y 0 |z τ.2 | ||
| 852 | |a INST |b LESVOS |e 20051026 |h 938.301 ΤΕΛ |p 005100032889 |q 005100032889 |t BK |v τ.1: |y 0 |z τ.1 | ||
| 852 | |a INST |b LESVOS |e 20051026 |h 938.301 ΤΕΛ |p 005100032890 |q 005100032890 |t BK |v τ.2: |y 0 |z τ.2 | ||
| 853 | |a INST |b LESVOS |h 938.301 ΤΕΛ | ||
| 901 | |a BIBL1-2005-3 | ||
| 970 | |a ΚΑΡΑ |b ΓΙΑΣΕΜΗ |z 2005/10/26 | ||